{"text_format":"3","workbook":"xlsx","n_sheets":2,"sheets":["清单","预算"],"read":"whole","date_system":"1900"}

{"sheet":"清单","index":0,"n_rows":48,"n_cols":11,"rows_kept":48,"merged":[[0,0,0,10],[1,0,2,0],[1,1,2,1],[1,2,2,2],[1,3,2,3],[1,4,2,4],[1,5,2,5],[1,6,2,6],[1,7,2,7],[1,8,2,8],[1,9,2,9],[1,10,2,10],[3,1,7,1],[8,1,9,1],[10,1,11,1],[12,1,14,1],[17,1,18,1],[20,1,21,1],[22,1,24,1],[30,3,30,4],[31,1,32,1],[31,3,31,4],[32,3,32,4],[33,1,34,1],[33,3,33,4],[34,3,34,4],[35,1,36,1],[35,3,35,4],[36,3,36,4],[37,3,37,4],[38,3,38,4],[39,3,39,4],[40,3,40,4],[41,3,41,4],[42,0,42,8],[43,0,43,8],[44,0,44,8],[45,0,45,8],[46,0,46,8],[47,0,47,9]]}
["阜阳市建投置业有限公司2026年度印刷物料制作框架报价清单"]
["序号","分类","纸张尺寸","工艺","规格","单位","起订量","2026年年度预估数量","不含税单价/元","总价/元","备注"]
[]
[1,"DM 单类\n双面四色印刷","A3\n（420*285MM）","  铜版纸/哑粉纸","157克","张",1000,300000,0.25,{"$f":"I4*H4","v":{"v":75000,"d":"75000.00"}},"★"]
[2,null,"福字海报（380mm×380mm）","  铜版纸/哑粉纸","157克","张",1000,10000,0.4,{"v":4000,"d":"4000.00"}]
[3,null,"A4\n（210*285mm）","铜版纸，双面四色","157克","张",1000,50000,{"v":0.15,"d":"0.2"},{"v":7500,"d":"7500.00"},"★"]
[4,null,"A4\n（210*285mm）","铜版纸，双面四色","200克","张",1000,50000,{"v":0.18,"d":"0.2"},{"v":9000,"d":"9000.00"},"★"]
[5,null,"A3\n（420*285MM）","铜版纸，双面四色","200克","张",1000,170000,{"v":0.35,"d":"0.4"},{"v":59500,"d":"59500.00"},"★"]
[6,"不干胶大海报","A3（420*285MM）","不覆膜,铜版纸/哑粉纸","157克","张",500,2000,0.8,{"v":1600,"d":"1600.00"}]
[7,null,"A2（594mm×420mm）","  铜版纸/哑粉纸","157克","张",500,2000,1.2,{"v":2400,"d":"2400.00"}]
[8,"手提袋类","长300*高400*宽80/100mm（竖版）MM/长400*高300*宽80/100mm（横版）\n四色印刷+印金，烫哑金+烫银，哑膜，丝带/提绳","触感纸","300克","个",500,6000,5.4,{"v":32400,"d":"32400.00"},"★"]
[9,null,"长300*高400*宽90/100mm（竖版）MM/长400*高300*宽90/100mm（横版）\n底色专色+四色印刷，哑膜，烫黑，LOGO UV、凹凸，铆钉固定，重磅丝带","300克雅致超滑","300克","个",500,6000,4.6,{"v":27600,"d":"27600.00"},"★"]
[10,"名片类\n（100张/盒）","90*45MM,90*50MM","英国尼桑蛋壳纹","350g","盒，100张/盒",1,100,30,{"v":3000,"d":"3000.00"}]
[11,null,"90*45MM,90*50MM","铜版纸，双面覆亚膜","300克","盒，100张/盒",1,600,15,{"v":9000,"d":"9000.00"},"★"]
[12,null,"90*45MM,90*50MM","370克欧纯蛋壳纹\n四色印刷，水性联机哑油，烫金，凹凸、模切圆角","370g","盒，100张/盒",1,500,50,{"v":25000,"d":"25000.00"},"★"]
[13,"单张户型类","A4(210*285mm)\n局部UV，局部印金、烫金，四色印刷","高阶细格","300克","张",500,4000,1.2,{"v":4800,"d":"4800.00"}]
[14,"两折价值页类","两折页420*285mm\n,局部UV，局部印金、烫金，四色印刷、压痕折叠成型","高阶细格","300克","张",500,20000,1.8,{"v":36000,"d":"36000.00"},"★"]
[15,"三折价值页类","三折页660*285-320mm\n局部UV，局部印金、烫金，四色印刷、压痕折叠成型","高阶细格","300克","张",500,6000,3.2,{"v":19200,"d":"19200.00"}]
[16,null,"三折页420*285mm，不对称折叠；底色专色+四色印刷加专金，局部UV，烫金，局部烫黑，压痕，折页成型、电雕版激凸","高阶细格","300克","张",500,15000,2.5,{"v":37500,"d":"37500.00"},"★"]
[17,"四折价值页类","四折页760-880*285-360mm\n局部UV，局部印金、烫金，四色印刷、压痕折叠成型","高阶细格","300克","张",500,4000,3.5,{"v":14000,"d":"14000.00"}]
[18,"纸巾盒类","230（长）mm*120（宽）mm*60（高）mm","白卡（含覆膜,100 抽）","300克","盒",1000,20000,2.8,{"v":56000,"d":"56000.00"}]
[19,null,"230（长）mm*120（宽）mm*60（高）mm","底色专色+四色印刷复哑膜，内装心相印纸；70抽三层；白卡","300克","盒",1000,15000,2.8,{"v":42000,"d":"42000.00"},"★"]
[20,"抽奖券","200*70MM","高阶映画","290G","张",50,3000,1,{"v":3000,"d":"3000.00"}]
[21,null,"210*75mm","157克无光铜版纸，双面四色，正副券套号，打拢线","157G","张",100,6000,0.2,{"v":1200,"d":"1200.00"}]
[22,null,"210*75mm","300克铜板纸，四色印刷，编码压线，快印12小时交货","300G","张",100,2000,1,{"v":2000,"d":"2000.00"},"★"]
[23,"认购书","21cm*29cm","无碳复写纸，一式四联，需要打码","一本50份","本",5,500,8,{"v":4000,"d":"4000.00"}]
[24,"收据","190*100mm","胶头套号\n无碳复写三联单","一本50份","本",5,200,6.5,{"v":1300,"d":"1300.00"}]
[25,"纸杯","75[上口径]*90*53[下口径]mm","专用淋膜纸，底色专色+四色印刷","250ml、9盅司、280G","个",10000,320000,0.15,{"v":48000,"d":"48000.00"},"★"]
[26,"挪车卡","290*90","异形钢刀成型","300克铜板","个",1000,10000,0.5,{"v":5000,"d":"5000.00"}]
[27,"车挂/门挂类","285*110MM\n（含异形模切）","铜版纸","300克","个",1000,5000,0.5,{"v":2500,"d":"2500.00"}]
[28,"项目简介","展开50*35cm","高阶细格，四色专金印刷，中间压线",null,"张",200,3000,3.5,{"v":10500,"d":"10500.00"}]
[29,"档案袋","高23.5*宽33*厚5.2cm（竖版）","200g白牛皮纸，四色印刷、 logo文字烫金（或附UV），压纹，单面覆膜",null,"个",1000,20000,2.5,{"v":50000,"d":"50000.00"}]
[30,null,"高23.5*宽33*厚5.2cm（竖版）","200g白牛皮纸，底色专色+四色印刷，logo烫金（或附UV），横切，打汽眼，穿白棉绳",null,"个",1000,5000,2.5,{"v":12500,"d":"12500.00"},"★"]
[31,"客户登记本","封面尺寸：260*195mm\n内芯尺寸：258*180mm","黑色B5平装\n封面尺寸：260*195mm\n内芯尺寸：258*180mm\n内页纸张：米黄色道林纸\n张数：112张、224页\n重量：0.48KG",null,"本",50,400,20,{"v":8000,"d":"8000.00"}]
[32,null,"21*28.5cm","双胶纸100g/单面印刷，100P，封面250G铜版纸覆膜，骑马订",null,"本",50,500,12,{"v":6000,"d":"6000.00"}]
[33,"扑克牌","扑克牌盒子57*89*18mm、纸牌57*87mm","【材质】：纸牌300克中华蓝芯纸、扑克牌盒子300克白卡,单副盒子外附拉丝模\n【尺寸】：扑克牌盒子57*89*18mm、纸牌57*87mm\n【定制】：四色彩印\n两幅平铺，大盒两个一副，大盒子外覆拉丝膜",null,"大盒",2000,10000,4,{"v":40000,"d":"40000.00"},"★"]
[34,null,"尺寸：59mm*96mm","加长掼蛋牌：\n内牌：58*95mm中华5A黑芯320克，55张、上两遍蜡、双面压纹、 四色彩印；\n单副：(有外盒)外盒拉丝膜包装、300克白卡纸、四色彩印、覆亮膜。",null,"盒",1000,5000,2.75,{"v":13750,"d":"13750.00"},"★"]
[35,"新春福袋","礼袋尺寸36*44cm","1、礼袋，300克白卡纸，过触感膜，36*44cm，四色印刷，烫金，粘糊成\n型   2、横批21*58cm，对联21*115cm，200g哑粉纸，彩色印刷，烫金；3、福字35*35cm，200g哑粉纸，彩色印刷，烫金 4、红包11*18.5cm，200g超感纸，彩色印刷，烫金，模切，UV等；5、窗花：30*30cm，静电贴；6、胶贴：双面纳米胶3.5*1.1cm*30个；装配。（横批+春联*1副+红包*6个+福字*2个+窗花*2+胶贴*30个+装礼袋）",null,"套",1000,3000,13,{"v":39000,"d":"39000.00"},"★"]
[36,"新春福袋","礼袋尺寸38*44cm","1、礼袋，300克白卡纸，过触感膜，36*44cm，四色印刷，烫金，粘糊成\n型   2、横批23*62cm，对联24*140cm，200g哑粉纸，彩色印刷，烫金；3、福字35*35cm，200g哑粉纸，彩色印刷，烫金 4、红包11*18.5cm，200g超感纸，彩色印刷，烫金，模切，UV等；5、窗花：30*30cm，静电贴；6、胶贴：双面纳米胶3.5*1.1cm*40个；装配。（横批+春联*1副+红包*6个+福字*2个+窗花*2+胶贴*40个+装礼袋）",null,"套",1000,3000,20,{"v":60000,"d":"60000.00"},"★"]
[37,"前期物业服务协议","210mm*297mm(A4纸）","封面:250g铜版纸哑膜     内页:普通纸  装订：骑马钉",null,"本",800,5000,4,{"v":20000,"d":"20000.00"}]
[38,"邀请函","封面：220*220内芯：210*285mm","纸张：封面250克典雅珠光纸，双面四色，烫金，UV，内页250克珠光纸",null,"张",100,550,5,{"v":2750,"d":"2750.00"},"★"]
[39,"VIP卡","86*54mm","PVC哑光磨砂材质，小凸金打码",null,"张",100,1000,2.8,{"v":2800,"d":"2800.00"},"★"]
["不含税小计",{"$nulls":8},{"$f":"SUM(J4:J42)","v":{"v":797800,"d":"797800.00"}}]
["下浮率"]
["下浮后不含税总价",{"$nulls":8},{"$f":"+J43*(1-J44)","v":{"v":797800,"d":"797800.00"}}]
["税金  （  %）"]
["含税总价",{"$nulls":8},{"$f":"+J46+J45","v":{"v":797800,"d":"797800.00"}}]
["说明：\n1、以上彩印品含打样。上述单价包括了乙方将货物运至交货地点，并负责运至指定位置所需的一切费用，包括但不限于全部货款、工艺费、包装费、运输费、保险费、装卸费、因质量问题引起的维修和更换费用、检验后的二次搬运入库费用、打样费、成品保护、保险、保管费、验收费、检验费、利润等与甲方为实现合同目的全部相关费用。\n2、楼书、户型手册、特种纸等特殊印刷物料不包含在清单范围内，项目需根据具体设计要求战采单位单独打版比价。\n3、以上物料为2026框架物料，非一次性采购，项目按需定制，制作单位需按需配合制作分批次数量。\n4、本次集采招标为综合单价包干，业务量仅为模拟，以实际项目下单需求数量为准，使用到年度集采定标清单物料的，需按照年度集采定标单价执行。\n5、以上报价清单的格式、顺序、文字内容均不能改变，仅需填写下浮率，如对报价清单有任何疑问，需在答疑截止前以书面形式提出。\n6、备注栏中有★的分项，投标时，需提供样品。"]

{"sheet":"预算","index":1,"n_rows":11,"n_cols":4,"rows_kept":11}
[]
[null,null,"预算"]
[{"$nulls":3},"金额"]
[null,null,"启悦",42000]
[null,null,"启元",25000]
[null,null,"观宸",180000]
[null,null,"启元南",200000]
[null,null,"物业",26329]
[null,null,"商管",45650]
[]
[{"$nulls":3},{"$f":"SUM(D4:D10)","v":518979}]